000 00386 a2200133 4500
001 33389
082 _a629.1341 BRA
090 _c22257
_d22257
100 _aSteven A Brandt, John J Bertin, Randall J Stiles, Ray Whitford
245 _aIntroduction to Aeronautics: A Design Perspective, 2e
250 _a2
260 _aVirginia
_bAIAA Educ Series
_c2004
300 _axxii, 509 p.
942 _aNUST-CAE
_k629.1341 BRA
999 _c268462
_d268462